000 00615nam a2200265Ia 4500
003 OSt
005 20220912152531.0
006 a|||||r|||| 00| 0
007 ta
008 220909b |||||||| |||| 00| 0 eng d
024 _a43224
037 _cTextual
040 _aCSL
_beng
_cCSL
041 _aeng
082 _aG191, J32;1
100 _aFrobisher M
245 0 _aFundamentals of microbiology
250 _aEd 6th
260 _c1959
300 _ap.
_ccm.
650 _a Microbiology
650 _aBiology
942 _hG191, J32;1
_cTEXL
_2CC
999 _c87934
_d87934